|
|
|
|
| LEADER |
01094nam a22002777a 4500 |
| 001 |
42640 |
| 003 |
BD-DhAAL |
| 008 |
240602t2009 bg a|||| |||| 001 0 eng d |
| 020 |
|
|
|a 978984331701
|
| 040 |
|
|
|a BD-DhAAL
|c BD-DhAAL
|
| 082 |
|
|
|a 338.70255492
|
| 245 |
|
|
|a Bangladesh's top 500 companies,
|n 2009 /
|c edited by Bithika Das Hazra.
|
| 246 |
|
|
|a Bangladesh's top 500 - 2009
|
| 250 |
|
|
|a First edition
|
| 264 |
|
|
|a Dhaka :
|b Dun & Bradstreet Rating Agency Bangladesh,
|c 2009.
|
| 300 |
|
|
|a xiv, L24, 212 pages :
|b color illustrations ;
|c 28 cm.
|
| 541 |
|
|
|e 42640
|
| 650 |
|
|
|a Corporations
|z Bangladesh
|v Directories.
|9 56449
|
| 650 |
|
|
|a Industries
|z Bangladesh
|v Directories.
|9 56450
|
| 651 |
|
|
|a Bangladesh
|x Commerce
|v Directories.
|
| 700 |
|
|
|a Hazra, Bithika Das,
|e editor.
|9 56451
|
| 710 |
|
|
|a Dun & Bradstreet Rating Agency Bangladesh.
|9 56452
|
| 852 |
|
|
|a Ayesha Abed Library
|c General Stacks
|
| 942 |
|
|
|2 ddc
|c BK
|
| 999 |
|
|
|c 46688
|d 46688
|
| 952 |
|
|
|0 0
|1 0
|2 ddc
|4 0
|6 338_702554920000000_BAN
|7 0
|9 75578
|a BRACUL
|b BRACUL
|c GEN
|d 2024-06-02
|l 0
|o 338.70255492 BAN
|p 3010042640
|r 2024-06-02
|t 1
|w 2024-06-02
|y BK
|